Redimir las profesiones, ¿imposible? (Registro nro. 70100)
[ vista simple ]
| 000 -LÍDER | |
|---|---|
| Campo fijo de descripción fija | 01533nab a2200229 i 4500 |
| 001 - NÚMERO DE CONTROL | |
| Campo de control | 768714001 |
| 003 - IDENTIFICADOR DEL NÚMERO DE CONTROL | |
| Campo de control | CO-MdFUSB |
| 005 - FECHA Y HORA DE LA ULTIMA TRANSACCIÓN | |
| control field | 20240607123906.0 |
| 008 - ELEMENTOS DE LONGITUD FIJA -- INFORMACIÓN GENERAL | |
| Campo fijo de descripción fija -- Información general | 240607t1980 ag ||||| |||| 00| 0 spa d |
| 040 ## - FUENTE DE CATALOGACIÓN | |
| Idioma de catalogación | spa |
| Agencia que realiza la transcripción | CO-MdFUSB |
| Agencia que realiza la modificación | CO-MdFUSB |
| 041 ## - CÓDIGO DE IDIOMA | |
| Código de idioma para texto/pista de sonido o título separado | spa |
| 100 ## - ASIENTO PRINCIPAL--NOMBRE PERSONAL | |
| Nombre personal | Reese, Boyd, |
| Término relacionador | autor |
| 245 ## - TÍTULO | |
| Título | Redimir las profesiones, ¿imposible? |
| Mención de responsabilidad | / Boyd Reese |
| 520 ## - NOTA DE RESUMEN, ETC. | |
| Nota de sumario, etc. | Desde el comienzo de la Revolución Industrial la especialización ha ido en aumento. Cada vez más áreas de la división del trabajo se convierten en profesiones.<br/>¿Qué significa el que una ocupación se transforme en profesión? Los profesionales poseen aptitudes específicas; tienen una contribución que hacer a la sociedad que sólo ellos pueden realizar; ningún otro grupo está capacitado de la misma forma. Dado que la sociedad en general no posee tales aptitudes, no está en condiciones de evaluar cómo las ejercen las profesionales. Por lo tanto, las profesiones se rigen y se controlan por sí mismas. Y así debe ser; deben ser independientes en sus esferas de competencia. El problema que esto presenta para el cristiano es el tema principal del presente artículo. <br/> |
| 650 #7 - ASIENTO SECUNDARIO DE MATERIA - TERMINO TEMÁTICO | |
| Término temático o nombre geográfico como elemento de entrada | Vocación |
| 9 (RLIN) | 312 |
| 650 #7 - ASIENTO SECUNDARIO DE MATERIA - TERMINO TEMÁTICO | |
| Término temático o nombre geográfico como elemento de entrada | Ética social. |
| 9 (RLIN) | 186 |
| 650 #7 - ASIENTO SECUNDARIO DE MATERIA - TERMINO TEMÁTICO | |
| Término temático o nombre geográfico como elemento de entrada | Ética antropológica |
| 9 (RLIN) | 7278 |
| 650 #7 - ASIENTO SECUNDARIO DE MATERIA - TERMINO TEMÁTICO | |
| Término temático o nombre geográfico como elemento de entrada | Cristianismo |
| 9 (RLIN) | 22 |
| 773 0# - ASIENTO DE ITEM FUENTE | |
| Biblionumber | 69974 |
| Itemnumber | 82719 |
| Lugar, editorial y fecha de publicación | Buenos Aires |
| Otro identificador del ítem | R2611 |
| Título | Certeza |
| Número de control del registro | (CO-MdFUSB)768714001 |
| Parte(s) relacionada(s) / Volumen., número. (mes año), páginas | Número 78, (julio - septiembre, 1980) páginas: 172 - 175 |
| Enumeración y primera página | página: 172 |
| 942 ## - TIPO DE MATERIAL (KOHA) | |
| Tipo de Item KOHA | Artículos de Revista |
| 945 ## - INFORMACIÓN LOCAL DEL REGISTRO | |
| Catalogador | Catherine Arias Álvarez - Practicante SENA |
No hay ítems disponibles.
